| 000 | 01650naa a22003737a 4500 | ||
|---|---|---|---|
| 001 | BR8708324 | ||
| 003 | BR-BrBNA | ||
| 005 | 20250721154540.0 | ||
| 007 | ta | ||
| 008 | 250630b bl.|||m| |||| 00| 0 por d | ||
| 040 |
_aBR-BrBNA _bpor _cBiblioteca Nacional de Agricultura |
||
| 041 | _a(Pt) | ||
| 072 |
_aF04; F01 _b0120 _b9205 _b3830 _b3851 |
||
| 090 | _aF04 BR8708324 | ||
| 100 | 1 | _aScherer, E.E. | |
| 100 | 1 | _aCastilhos, E.G. | |
| 100 | 1 | _aJucksch, I. | |
| 100 | 1 | _aDittrich, R.C. | |
| 111 | 1 |
_a15. Congresso Nacional de Milho e Sorgo _cMaceio, AL (Brazil) _d2 Jul 1986 |
|
| 245 | 1 | _aEfeito imediato e residual do esterco de aves e do adubo fosfatado no rendimento de graos de milho e feijao em sistema de cultivo associado | |
| 246 | 1 | _aImmediate and residual effect of poultry manure and phosphate fertilizer in the grain yield of corn and bean in an intercropping system | |
| 246 | 1 | _a[Annals of the 15th Maize and Sorghum National Congress] | |
| 500 | _aAnais do 15. Congresso Nacional de Milho e Sorgo Brasilia, DF (Brasil): Empresa Brasileira de Pesquisa Agropecuaria. Departamento de Difusao de Tecnologia, 1986. p. 89-92 [8 ref.; Summaries (En, Pt)] (BR8708324-AMS) | ||
| 773 | 0 |
_tAnais do 15. Congresso Nacional de Milho e Sorgo _wF04 BR8708324 _gBrasilia, DF (Brasil), 1986. p. 89-92 |
|
| 650 | _aMILHO | ||
| 650 | _aGRAO | ||
| 650 | _aFERTILIZANTE FOSFATADO | ||
| 650 | _aESTERCO DE GALINHA | ||
| 650 | _aRENDIMENTO | ||
| 650 | _aCONSORCIACAO DE CULTURA | ||
| 490 |
_aDocumentos - Centro Nacional de Pesquisa de Milho e Sorgo (Brazil) _vno. 5 |
||
| 942 |
_cAMS _2AGRIS |
||
| 909 |
_a202506 _bLúcia _c55 _dLúcia Elande |
||
| 999 |
_c335566 _d335566 |
||